| 000 | 00819nam a2200265 a 4500 | ||
|---|---|---|---|
| 001 | 66491 | ||
| 003 | BD-RjUL | ||
| 005 | 20211209081540.0 | ||
| 008 | 170316s1999 enk 001 0 eng d | ||
| 020 | _a0335201997 | ||
| 020 | _a0335201989 pbk | ||
| 035 | _a(BD-RjUL)66621 | ||
| 040 |
_aDLC _cDLC _beng _dBD-RjUL |
||
| 041 | _aeng | ||
| 082 | 0 |
_a616.8914 _223 _bUNC 1999 |
|
| 245 | 0 | 0 |
_aUnconscious communication in practice / _cedited by E. Mary Sullivan. |
| 260 |
_aBuckingham : _bOpen University Press, _cc1999. |
||
| 300 |
_aix, 230 p. ; _c23 cm. |
||
| 504 | _aIncludes bibliographical references. | ||
| 650 | 0 |
_aCommunicative psychotherapy. _9196789 |
|
| 650 | 0 |
_aPsychotherapist and patient. _9196790 |
|
| 650 | 0 |
_aSubconsciousness. _988881 |
|
| 700 | 1 |
_aSullivan, E. Mary, _d1945- _9196791 |
|
| 942 |
_2ddc _cBK |
||
| 999 |
_c66491 _d66491 |
||